00470nam a2200169Ia 4500008004100000082001200041082001400053100002500067245003800092260002900130260000700159300000800166600002500174630003800199700002500237730003800262151121s9999||||xx |||||||||||||| ||und|| a823/JHA bHNW-53586 aJhabvala Ruth Prawer aOut of India Selected Stories। b"John Murray, London।" c-- a288 aJhabvala Ruth Prawer aOut of India Selected Stories। aJhabvala Ruth Prawer aOut of India Selected Stories।